000 01153nam a2200277 a 4500
003 OSt
005 20250214091815.0
007 cr ||||||a|a|a
008 240115s2023 mx a|||fom||| 001 0 spa d
040 _erda
100 1 _9188459
_aBarranco Juárez, Moisés
245 1 _aModelo econométrico de ecuaciones simultáneas del mercado de limón en México:
_b1990-2020 /
_cMoisés Barranco Juárez; director de tesis Ignacio Caamal Cauich
264 1 _aChapingo, México :
_bEl autor,
_c2023.
300 _a1 recurso en línea (255 páginas):
_bcuadros y figuras..
336 _2rdacontent
_atexto
_btxt
337 _2rdamedia
_acomputadora
_bc
338 _2rdacarrier
_arecurso en línea
_bcr
502 _bLE
_cDICEA
_d2023.
_gLIC
504 _aIncluye referencias bibliográficas: páginas 187-189
650 4 _966815
_aLimón
_xAspectos económicos
650 4 _966838
_aLimón
_xMercadeo
650 4 _966845
_aLimón
_xPrecios
700 1 _aCaamal Cauich, Ignacio
_eDirector de tesis.
_916527
856 _uhttp://10.13.5.2/tesis/tl/1510209-6_BARRANCO_JUAREZ_MOISES.pdf
_zDESCARGAR PDF
942 _2Clasificación Universidad Autónoma Chapingo
_cTD
999 _c219525
_d219525